Mosaique; methode de francais /

Guardado en:
Autor Principal: Job, Beatríz
Formato: Libro
Publicado: Francia : Cle International, 1994
Materias:
Etiquetas: Agregar Etiqueta
Sin Etiquetas, Sea el primero en etiquetar este registro!
LEADER 00461nam a22001695a 4500
001 CEM.cems008545
005 20060214000000.0
008 130507s1994##################000#0#####d
003 CEMS
082 0 4 |a 448.64 
100 1 |a Job, Beatríz 
245 1 0 |a Mosaique; methode de francais / 
260 |a Francia :  |b Cle International,  |c 1994 
300 |a 208 p. 
653 |a Frances 
653 |a Frances-textos 
859 |a CEMS  |b BIB. CEMS - 11 de abril  |h 448.64  |i J575/1  |p 18021.94  |t Ej.1